| 000 | 00971nas a2200301 4500 | ||
|---|---|---|---|
| 001 | BR0802448 | ||
| 003 | BR-BrBNA | ||
| 005 | 20231205112006.0 | ||
| 007 | ta | ||
| 008 | 230509b bl.|||p| |||| 00| 00por d | ||
| 040 |
_aBR-BrBNA _bpor _cBiblioteca Nacional de Agricultura |
||
| 041 | _a(En) | ||
| 072 | _aH10; L74 | ||
| 100 | 1 | _aCestari, I.M. | |
| 100 | 1 | _aSarti, S.J. | |
| 100 | 1 | _aWab, C.M. | |
| 100 | 1 | _aCastelo Branco Júnior, A. | |
| 245 | 1 | _aEvaluation of the potencial insecticide activity of tagetes minuta (Asteraceae)essential oil against the head lice Pediculus humanus capitis (Phthiraptera: Pediculidae) | |
| 650 | _aINSETO | ||
| 650 | _aPIOLHO | ||
| 650 | _aCRAVO DE DEFUNTO | ||
| 650 | _aINSETICIDA | ||
| 650 | _aÓLEO | ||
| 650 | _aCOMPORTAMENTO ANIMAL | ||
| 773 | 0 |
_tNeotropical Entomology (Brazil) _xISSN 1519-566X _g(Nov-Dec 2004), v. 33(6) p. 805-807 _wBR0802448 |
|
| 909 |
_a202311 _bLúcia _c55 _dLúcia Elande |
||
| 942 |
_2AGRIS _n0 _cANA |
||
| 999 |
_c195514 _d195514 |
||